000 00694nam a22001697a 4500
999 _c10274
_d10274
008 180809b ||||| |||| 00| 0 eng d
082 _22018
_aUT 1021
_bR78
100 _930320
_aRosales, Bryzy Regie G.
245 _aTeaching skills of btte teachers and academic performance of 4th year btte students in um digos college/
_cBryzy Regie G. Rosales, Hazel Diane M. Lecera and Hazel Jane R. Caperol.
260 _aDigos City:
_bUMDC
_cMarch 2018.
300 _a54 pages;
_b29.5 cm.
650 0 _930322
_aEducation.
_vBTTE
_xUndergraduate thesis.
700 _930323
_aRosales, Bryzy Regie G.
700 _930324
_aLecera, Hazel Diane M.
700 _930325
_aCaperol, Hazel Jane R.
942 _2ddc
_cUT